1568 1688 1558 1686 1160 1096 1312 1809 1389 1732 1803 1894 1742 1390 1226 1470 1617 1608 1455 1377 1401 1502 1492 1680 1532 1941 1646 1800 1916 1218 1117 1938 1845 1909 1840 1915 1760 1955 1727 1133 1045 1594 1908 1079 1583 1967 1985 1433 1450 1129 1627 1530 1461 1639 1118 1447 1847 1856 1434 1579 1233 1717 1449 1047 1492 1188 1221 1506 1202 1871 1917 1485 1359 1518 1276 1810 1642 1727 1677 1991 1952 1287 1897 1856 1938 1420 1044 1618 1246 1196 1233 1032 1533 1967 1535 1378 1135 1660 1458 BCNSPRNW ULIB Ver.6.0+V

เปลี่ยนเป็นภาษาไทย

Change to English
 แสดงรายละเอียดบรรณานุกรม
  กลับหน้าหลัก

Brief Record : Get Marc (ISO 2709) : E-mail record : QR code < ปิดหน้าต่าง
LEADER : 00000nam 2200000uu 4500
001    13399110419
003     ULIB
008    110526s2553||||th 000 0 tha d
020    9789744141439
050  4 JQ1745 ^bค183ก 2553
100 0  คอตเลอร์, ฟิลิป
245 10 การตลาดสำหรับภาครัฐ =^bMarketing in public sector /^cผู้เขียน, Philip Kotler และ Nancy Lee
246 31 Marketing in public sector
250    พิมพ์ครั้งที่ 1
260    กรุงเทพฯ :^bเอ็กซเปอร์เน็ท,^c2553
300    438 หน้า :^bภาพประกอบ ;^c26 ซม.
440  0 ชุดเครื่องมือการบริหารสมัยใหม่
650  7 การบริหารรัฐกิจ^zไทย
650  7 การตลาด
945    ^p350^l0^i18169
995    เกษร
999    ^aใช้งานได้ทุกระบบ
รายการนี้ยังไม่มีแท็ก
คุณยังไม่ได้ล็อกอิน คุณสามารถมีกิจกรรมร่วมกับเว็บไซต์ได้ แต่ต้องล็อกอินก่อน ::
  ล็อกอิน

รายการสื่อสารสนเทศ

ลำดับที่ ประเภท เลขเรียก/บาร์โค้ด สถานที่ สถานะ
1. วิทยาศาสตร์การแพทย์ และสุขภาพ
วิทยาศาสตร์การแพทย์ และสุขภาพ
JQ1745 ค183ก 2553  
  Barcode: 18169
ห้องสมุดวิทยาเขตสวรรค์ประชารักษ์
►นวนิยาย
บนชั้น
  ขอยืม

รายการใกล้เคียง
    ผู้แต่ง [คอตเลอร์, ฟิลิป]

    หัวเรื่อง [การตลาด]

BibComment


ยังไม่เคยถูกคอมเมนท์

คอมเมนท์ทรัพยากรรายการนี้
  คอมเมนท์: การตลาดสำหรับภาคร..


 Copyright 2026. Bcnsprnw @Library